Kitab Al-Sirat Al-Mustaqim karangan Shaykh Nur Al-Din Al-Raniri (Kitab Al-Taharah dan Al-Salah) : teks dan analisis /
Saved in:
| Main Author: | |
|---|---|
| Format: | Thesis Book |
| Language: | Malay |
| Subjects: | |
| Tags: |
Add Tag
No Tags, Be the first to tag this record!
|
| LEADER | 01430cam a2200337 a 4500 | ||
|---|---|---|---|
| 001 | u831480 | ||
| 003 | SIRSI | ||
| 005 | 201106151639 | ||
| 008 | 110615s2011 my a t 000 0 may m | ||
| 040 | |a UMM |d UMA |e rda | ||
| 090 | |a BP42 |b A1 UMP 2011 Jamh | ||
| 094 | |a BP42 |b A1 UMP 2011 Jamh | ||
| 100 | 0 | |a Jamalluddin Hashim |e author. | |
| 245 | 1 | 0 | |a Kitab Al-Sirat Al-Mustaqim karangan Shaykh Nur Al-Din Al-Raniri (Kitab Al-Taharah dan Al-Salah) : |b teks dan analisis / |c Jamalluddin Hashim. |
| 264 | 1 | |c 2011. | |
| 264 | 4 | |c 2011. | |
| 300 | |a [2] xxxvi, 699 [71] leaves : |b illustrations ; |c 30 cm. | ||
| 336 | |a text |2 rdacontent | ||
| 337 | |a unmediated |2 rdamedia | ||
| 338 | |a volume |2 rdacarrier | ||
| 500 | |a APIUM. | ||
| 502 | |a Thesis (Ph.D) -- Jabatan Fiqh dan Usul, Akademi Pengajian Islam, Universiti Malaya, 2011. | ||
| 504 | |a Bibliography: leaves 677-699. | ||
| 600 | 1 | |a Raniri, Nur al-Din, |d 17th cent. |t Sirat al-mustaqim. | |
| 650 | 0 | |a Islamic law. | |
| 710 | 2 | 0 | |a Universiti Malaya. |b Jabatan Fiqh dan Usul. |
| 900 | |a ZA | ||
| 596 | |a 1 12 18 | ||
| 999 | |a BP42 A1 UMP 2011 JAMH |w LC |c 1 |i A514673575 |l RESERVES |m P18ISLPURI |r Y |s Y |t TESIS |u 6/10/2011 | ||
| 999 | |a BP42 A1 UMP 2011 JAMH |w LC |c 1 |i A514710145 |d 25/9/2017 |e 25/9/2017 |f 21/11/2011 |g 1 |l STACKS |m P01UTAMA |n 9 |r Y |s Y |t TESIS |u 17/11/2011 | ||
| 999 | |a BP42 A1 UMP 2011 JAMH |w LC |c 1 |i A514865592 |d 24/1/2018 |e 24/1/2018 |f 2/2/2012 |g 1 |l STACKS |m P12ISLAMKL |n 15 |r Y |s Y |t TESIS |u 2/2/2012 | ||
